Finanční analýza organizace z pohledu zájmových skupin
Salvato in:
| Autore principale: | |
|---|---|
| Natura: | Libro |
| Lingua: | ceco inglese |
| Pubblicazione: |
Praha
C.H.BECK
2017
|
| Edizione: | 1. vydání |
| Soggetti: | |
| Tags: |
Nessun Tag, puoi essere il primo ad aggiungerne!!
|
MARC
| LEADER | 00000nam a2200000 4500 | ||
|---|---|---|---|
| 001 | 0248400 | ||
| 005 | 20240221112740.3 | ||
| 020 | |a 978-80-7400-664-7 | ||
| 041 | 0 | |a cze | |
| 041 | 0 | |a eng | |
| 044 | |a CZ | ||
| 245 | 1 | 0 | |a Finanční analýza organizace z pohledu zájmových skupin |c Jindřich Špička |
| 250 | |a 1. vydání | ||
| 264 | 1 | |a Praha |b C.H.BECK |c 2017 | |
| 300 | |a 173 s. | ||
| 610 | 2 | 0 | |a podnik |
| 610 | 2 | 0 | |a analýza finančná |
| 610 | 2 | 0 | |a dáta |
| 610 | 2 | 0 | |a účtovníctvo finančné |
| 610 | 2 | 0 | |a riadenie podnikové |
| 610 | 2 | 0 | |a riadenie strategické |
| 610 | 2 | 0 | |a riadenie finančné |
| 610 | 2 | 0 | |a ciele podnikové |
| 610 | 2 | 0 | |a rentabilita |
| 610 | 2 | 0 | |a vlastníci |
| 610 | 2 | 0 | |a investori |
| 610 | 2 | 0 | |a rozhodovanie strategické |
| 610 | 2 | 0 | |a podnik malý |
| 610 | 2 | 0 | |a organizácie neziskové |
| 610 | 2 | 0 | |a skupiny záujmové |
| 610 | 2 | 0 | |a benchmarking |
| 610 | 2 | 0 | |a ukazovatele |
| 100 | 1 | |a Špička, Jindřich | |